000 00295nam a2200121 i 4500
001 bg
245 0 _aNauka technika-systemy /
_cpod red. W. Gasparskiego, D. Millera.
260 _aWrocław,
_c1981.
040 _cBPK
041 _apol
942 _cKS
008 s pl f |000 0 pol
999 _c19957
_d19957
856 _uhttp://koha.tu.koszalin.pl/cgi-bin/koha/opac-detail.pl?biblionumber=19957
_yKatalog online BPK